Advanced dictionary of American English

Gardado en:
Detalles Bibliográficos
Formato: Libro
Idioma:Undetermined
Publicado: Boston, MA Thomson EIL 2007
Những chủ đề:
Acceso en liña:http://lrc.tdmu.edu.vn/opac/search/detail.asp?aID=2&ID=7332
Các nhãn: Engadir etiqueta
Sen Etiquetas, Sexa o primeiro en etiquetar este rexistro!
Thư viện lưu trữ: Trung tâm Học liệu Trường Đại học Thủ Dầu Một
LEADER 00522nam a2200169Ia 4500
001 TDMU_7332
008 210410s9999 xx 000 0 und d
082 |a 423 
090 |b C428 
245 0 |a Advanced dictionary of American English 
260 |a Boston, MA 
260 |b Thomson EIL 
260 |c 2007 
300 |a lxxxvii, 1591 p. 
650 |a English language   |v Dictionaries 
856 |u http://lrc.tdmu.edu.vn/opac/search/detail.asp?aID=2&ID=7332 
980 |a Trung tâm Học liệu Trường Đại học Thủ Dầu Một